<?xml version="1.0" encoding="UTF-8"?><?xml-stylesheet type="text/xsl" href="static/style.xsl"?><OAI-PMH xmlns="http://www.openarchives.org/OAI/2.0/" xmlns:xsi="http://www.w3.org/2001/XMLSchema-instance" xsi:schemaLocation="http://www.openarchives.org/OAI/2.0/ http://www.openarchives.org/OAI/2.0/OAI-PMH.xsd"><responseDate>2026-04-13T07:13:31Z</responseDate><request verb="GetRecord" identifier="oai:www.recercat.cat:10230/24970" metadataPrefix="marc">https://recercat.cat/oai/request</request><GetRecord><record><header><identifier>oai:recercat.cat:10230/24970</identifier><datestamp>2025-12-20T20:24:37Z</datestamp><setSpec>com_2072_6</setSpec><setSpec>col_2072_452954</setSpec></header><metadata><record xmlns="http://www.loc.gov/MARC21/slim" xmlns:dcterms="http://purl.org/dc/terms/" xmlns:xsi="http://www.w3.org/2001/XMLSchema-instance" xmlns:doc="http://www.lyncode.com/xoai" xsi:schemaLocation="http://www.loc.gov/MARC21/slim http://www.loc.gov/standards/marcxml/schema/MARC21slim.xsd">
   <leader>00925njm 22002777a 4500</leader>
   <datafield ind2=" " ind1=" " tag="042">
      <subfield code="a">dc</subfield>
   </datafield>
   <datafield ind2=" " ind1=" " tag="720">
      <subfield code="a">Contreras Palmada, Patricia</subfield>
      <subfield code="e">author</subfield>
   </datafield>
   <datafield ind2=" " ind1=" " tag="260">
      <subfield code="c">2015-10-30T10:33:52Z</subfield>
   </datafield>
   <datafield ind2=" " ind1=" " tag="260">
      <subfield code="c">2015-10-30T10:33:52Z</subfield>
   </datafield>
   <datafield ind2=" " ind1=" " tag="260">
      <subfield code="c">2015-10-30</subfield>
   </datafield>
   <datafield ind2=" " ind1=" " tag="520">
      <subfield code="a">Treball de Fi de Grau en Dret. Curs 2014-2015</subfield>
   </datafield>
   <datafield ind2=" " ind1=" " tag="520">
      <subfield code="a">Tutor: Carlos Ignacio Gómez Ligüerre</subfield>
   </datafield>
   <datafield ind2=" " ind1=" " tag="520">
      <subfield code="a">En este trabajó expondré dos sentencias sobre materia testamentaria que en su día dieron lugar a muchas discrepancias, se trata de la Sentencia del Tribunal Europeo de Derechos Humanos de 13 de julio de 2004 y de la Sentencia del Tribunal Constitucional de 27 de abril de 2010. En ambas se discute si los hijos adoptivos pueden ser considerados legítimos o no y si la testadora quiso incluir a los hijos adoptivos en su testamento o no. Las citadas sentencias constituyen los pilares de este trabajo, ya que una vez haya explicado los casos que recogen cada una de ellas, aprovecharé para hablar de la eficacia horizontal de los derechos fundamentales, también conocida como Drittwirkung der Grundrechte, y de los límites a la libertad de disponer mortis causa, materias que en mi opinión se encuentran estrechamente relacionadas tanto con la Sentencia del Tribunal Europeo de derechos Humanos como con la Sentencia del Tribunal Constitucional.</subfield>
   </datafield>
   <datafield tag="653" ind2=" " ind1=" ">
      <subfield code="a">Treball de fi de grau – Curs 2014-2015</subfield>
   </datafield>
   <datafield tag="653" ind2=" " ind1=" ">
      <subfield code="a">Dret de successió – Espanya</subfield>
   </datafield>
   <datafield tag="653" ind2=" " ind1=" ">
      <subfield code="a">Adopció – Dret i legislació – Espanya</subfield>
   </datafield>
   <datafield ind2="0" ind1="0" tag="245">
      <subfield code="a">La eficacia horizontal de los derechos fundamentales y los límites a la libertad de disponer mortis causa : STEDH de 13 de julio de 2004 y STC de 27 de abril de 2010</subfield>
   </datafield>
</record></metadata></record></GetRecord></OAI-PMH>